講座日本資本主義発達史論(第4巻):第二次世界大戦後

שמור ב:
מידע ביבליוגרפי
פורמט: ספר
שפה:Undetermined
יצא לאור: 東京 日本評論社 1969
נושאים:
תגים: הוספת תג
אין תגיות, היה/י הראשונ/ה לתייג את הרשומה!
Thư viện lưu trữ: Trung tâm Học liệu Trường Đại học Cần Thơ
LEADER 00562nam a2200181Ia 4500
001 CTU_89272
008 210402s9999 xx 000 0 und d
082 |a 330.952 
082 |b K79 
245 0 |a 講座日本資本主義発達史論(第4巻):第二次世界大戦後 
245 0 |c 川合一郎(かわい いちろう)...[et al] 
260 |a 東京 
260 |b 日本評論社 
260 |c 1969 
650 |a Japan,Japanese economy 
650 |x Economic Conditions 
904 |i Ngoc 
980 |a Trung tâm Học liệu Trường Đại học Cần Thơ